| 000 | 00860nam a2200277 i 4500 | ||
|---|---|---|---|
| 001 | 15088 | ||
| 003 | ES-MaACL | ||
| 005 | 20240225063047.0 | ||
| 007 | t| | ||
| 008 | 991217s1999 sp ||||1| spa d | ||
| 020 | _a84-493-0751-1 | ||
| 080 | _a32(44)"1995- " | ||
| 080 | _a329.12(44) | ||
| 080 | _a323.2(44) | ||
| 100 | 1 |
_aTouraine, Alain, _d1925-2023 _9111138 |
|
| 245 | 1 | 1 |
_a¿Cómo salir del liberalismo? / _cAlain Touraine. |
| 260 |
_aBarcelona : _bPaidós, _c[1999] |
||
| 300 |
_a123 p. ; _c24 cm. |
||
| 490 | 1 |
_aPaidós estado y sociedad ; _v71 |
|
| 650 | 1 | 4 |
_aLiberalismo- _zFrancia. _914392 |
| 650 | 1 | 4 |
_aMovimientos sociales- _zFrancia. _915229 |
| 651 | 4 |
_aFrancia- _xPolítica y gobierno- _y1995- _98711 |
|
| 830 | 0 |
_aPaidós estado y sociedad ; _v71 _9178635 |
|
| 852 |
_aES-MaACL _jL-22412 _bR.127778 |
||
| 999 |
_c15088 _d15088 |
||